[Event "Udaipur Lakecity rapid op 1st"]
[Site "Udaipur"]
[Date "2019.09.14"]
[Round "3"]
[White "Kothari, Pranit"]
[Black "Mitrabha, Guha"]
[Result "0-1"]
[WhiteElo "1698"]
[BlackElo "2414"]
[PlyCount "88"]
[EventDate "2019.09.14"]
[EventType "swiss (rapid)"]
[EventRounds "9"]
[EventCountry "IND"]
[SourceTitle "EXT 2020"]
[Source "ChessBase"]
[SourceDate "2019.10.17"]
[SourceVersion "1"]
[SourceVersionDate "2019.10.17"]
[SourceQuality "1"]

1. d4 Nf6 2. c4 e6 3. Nc3 Bb4 4. f3 Bxc3+ 5. bxc3 d5 6. e3 c5 7. cxd5 Nxd5 8. Qc2 Nc6 9. Ba3 cxd4 10. exd4 Qa5 11. Bb2 Nxd4 12. Qd2 Nf5 13. Bd3 0-0 14. Ne2 Nfe3 15. Rg1 Rd8 16. a3 b5 17. Nd4 Bb7 18. Nxb5 Nf4 19. Nd4 Rxd4 20. cxd4 Nxd3+ 21. Ke2 Qxd2+ 22. Kxd2 Nxb2 23. Kxe3 Bd5 24. Rgc1 Nc4+ 25. Kd3 Nd6 26. Rab1 g6 27. Rb4 Kg7 28. Rc7 g5 29. Rb2 h5 30. h3 Kf6 31. Rd7 Nc4 32. Rc2 Nb6 33. Rdc7 h4 34. Rf2 Kg6 35. f4 f5 36. fxg5 Kxg5 37. Rg7+ Kf6 38. Rh7 Be4+ 39. Kd2 Nc4+ 40. Kc3 Rc8 41. Kb4 a5+ 42. Kb3 Bd5 43. Rxh4 Ne3+ 44. Kb2 Nd1+ 0-1

[Event "Aurangabad MyBrain op 1st"]
[Site "Aurangabad"]
[Date "2018.04.29"]
[Round "8"]
[White "Kothari, Pranit"]
[Black "Sharma, Dinesh Kumar"]
[Result "0-1"]
[WhiteElo "1405"]
[BlackElo "2357"]
[PlyCount "91"]
[EventDate "2018.04.28"]
[EventType "swiss (rapid)"]
[EventRounds "9"]
[EventCountry "IND"]
[SourceTitle "CBM 184 Extra"]
[Source "ChessBase"]
[SourceDate "2018.06.28"]
[SourceVersion "1"]
[SourceVersionDate "2018.06.28"]
[SourceQuality "1"]

1. d4 Nf6 2. c4 g6 3. Nc3 Bg7 4. e4 d6 5. Nf3 0-0 6. Be2 Na6 7. 0-0 e5 8. d5 Nc5 9. Qc2 a5 10. Be3 b6 11. a3 a4 12. Bxc5 bxc5 13. Nd2 Bd7 14. b4 axb3 15. Nxb3 Qe7 16. a4 Ne8 17. a5 Ra6 18. Nb5 f5 19. f3 Bh6 20. Qd3 Bc8 21. Nc3 Bf4 22. g3 Bh6 23. Kg2 Qg5 24. Rg1 f4 25. g4 Qe7 26. Rh1 Bg5 27. Bd1 Kg7 28. Ra2 Rh8 29. Nd2 h5 30. h3 Bh4 31. Nf1 Nf6 32. Kg1 Nh7 33. Rg2 Rxa5 34. Ne2 Ra1 35. Bc2 Ng5 36. Qc3 Qf6 37. Rhh2 Ra8 38. Kh1 Bd7 39. Ng1 Kf7 40. Bd1 Rab8 41. Qa5 Qd8 42. Be2 Rb3 43. Bd1 Rb1 44. Qd2 Qb8 45. Qc2 Kg7 46. gxh5 0-1